[Event "SR 2. liga A 2010/2011"]
[Site "?"]
[Date "2011.03.05"]
[Round "43.7"]
[White "Prikler, Bruno"]
[Black "Mosny, Jaroslav"]
[Result "0-1"]
[WhiteElo "1962"]
[BlackElo "1982"]
[PlyCount "68"]
[EventDate "2010.??.??"]
[WhiteTeam "Slovakia"]
[BlackTeam "Slovakia"]
[WhiteTeamCountry "SVK"]
[BlackTeamCountry "SVK"]

1. g3 Nf6 2. Bg2 g6 3. d3 Bg7 4. Nd2 O-O 5. Rb1 d5 6. e3 e5 7. Ne2 Be6 8. a3 c6
9. h3 Nbd7 10. O-O Ne8 11. d4 Nd6 12. Kh2 e4 13. Nf4 Qe7 14. Nxe6 Qxe6 15. b3
f5 16. h4 Nf6 17. Rh1 Rf7 18. a4 Ng4+ 19. Kg1 Ne8 20. Ba3 Nef6 21. Qe2 Re8 22.
c4 Nh5 23. Bh3 Bh6 24. Kg2 Kh8 25. b4 Rg8 26. b5 Nhf6 27. bxc6 bxc6 28. cxd5
Nxd5 29. Rhc1 Rc8 30. Nc4 Bf8 31. Bxf8 Rcxf8 32. Na5 Rc7 33. Qa6 Ndxe3+ 34.
fxe3 Qa2+ 0-1

[Event "SR 2. liga A 2010/2011"]
[Site "?"]
[Date "2011.03.05"]
[Round "43.8"]
[White "Stetina, Erik"]
[Black "Hurban, Martin"]
[Result "1-0"]
[WhiteElo "2025"]
[BlackElo "1934"]
[PlyCount "87"]
[EventDate "2010.??.??"]
[WhiteTeam "Slovakia"]
[BlackTeam "Slovakia"]
[WhiteTeamCountry "SVK"]
[BlackTeamCountry "SVK"]

1. e4 e6 2. d4 d5 3. Nd2 Nf6 4. e5 Nfd7 5. Bd3 c5 6. c3 Nc6 7. Ne2 cxd4 8. cxd4
f6 9. Nf4 Nxd4 10. Qh5+ Ke7 11. Ng6+ hxg6 12. exf6+ Nxf6 13. Qxh8 Kf7 14. O-O
e5 15. Nb3 Nxb3 16. axb3 Qb6 17. Be3 Qxb3 18. Bxg6+ Kxg6 19. Qxf8 d4 20. Bc1
Qd5 21. Ra3 d3 22. Qb4 Bf5 23. f3 a5 24. Qe1 Kf7 25. Rc3 Rd8 26. Bd2 Qd6 27. g4
Bh7 28. Qh4 Qb6+ 29. Qf2 Qxb2 30. Rc7+ Nd7 31. Bg5 Qxf2+ 32. Kxf2 Rb8 33. Rxd7+
Kg6 34. Bd2 Bg8 35. Bxa5 Bc4 36. Bb6 Ra8 37. Ke3 Ra2 38. Rf2 Ra1 39. Rd6+ Kf7
40. Rd2 Ke7 41. Bc5 Ra5 42. Bb4 Ra4 43. Rb6+ Kd7 44. Bc3 1-0

[Event "SR 2. liga A 2010/2011"]
[Site "?"]
[Date "2011.03.05"]
[Round "44.1"]
[White "Tibensky, Robert"]
[Black "Kundrik, Peter"]
[Result "1/2-1/2"]
[WhiteElo "2401"]
[BlackElo "2226"]
[PlyCount "45"]
[EventDate "2010.??.??"]
[WhiteTeam "Slovakia"]
[BlackTeam "Slovakia"]
[WhiteTeamCountry "SVK"]
[BlackTeamCountry "SVK"]

1. d4 Nf6 2. c4 g6 3. Nf3 Bg7 4. g3 O-O 5. Bg2 d6 6. O-O Nbd7 7. Nc3 e5 8. e4
exd4 9. Nxd4 a5 10. Ndb5 Re8 11. h3 Nc5 12. Re1 Bd7 13. Nd4 c6 14. Bf4 Bf8 15.
Nb3 Nxb3 16. axb3 Nh5 17. Bxd6 Bxh3 18. f3 Qg5 19. Kh2 Rad8 20. Kxh3 Re6 21.
Qc1 Qxc1 22. Raxc1 Rexd6 23. Re2 1/2-1/2

[Event "SR 2. liga A 2010/2011"]
[Site "?"]
[Date "2011.03.05"]
[Round "44.2"]
[White "Mihalik, Marek"]
[Black "Janos, Ivan"]
[Result "1/2-1/2"]
[WhiteElo "2080"]
[BlackElo "2163"]
[PlyCount "126"]
[EventDate "2010.??.??"]
[WhiteTeam "Slovakia"]
[BlackTeam "Slovakia"]
[WhiteTeamCountry "SVK"]
[BlackTeamCountry "SVK"]

1. d4 Nf6 2. c4 c5 3. d5 e6 4. Nc3 exd5 5. cxd5 d6 6. e4 g6 7. h3 Bg7 8. Nf3 a6
9. a4 Nbd7 10. Bf4 Qe7 11. Bd3 Nh5 12. Bh2 Ne5 13. Be2 Nxf3+ 14. Bxf3 Be5 15.
Bxe5 Qxe5 16. Bxh5 gxh5 17. O-O Rg8 18. f4 Qg7 19. Qf3 Bd7 20. Rf2 h4 21. Re1
O-O-O 22. e5 Bf5 23. Kh1 Kb8 24. Nd1 Qg3 25. Nc3 h5 26. exd6 Rxd6 27. Qxg3 hxg3
28. Rfe2 f6 29. Re7 Rd7 30. Rxd7 Bxd7 31. Re7 b5 32. axb5 axb5 33. Ne4 Re8 34.
Rxe8+ Bxe8 35. Nxf6 Bf7 36. d6 c4 37. Nd7+ Kc8 38. Ne5 Be6 39. Kg1 b4 40. d7+
Kc7 41. d8=Q+ Kxd8 42. Nc6+ Kd7 43. Nxb4 Kd6 44. Nc2 Kd5 45. f5 Bf7 46. Kf1 Ke4
47. Ke2 Kxf5 48. Kf3 h4 49. Ne3+ Ke5 50. Kg4 Ke4 51. Nf1 Kd3 52. Kxh4 Ke2 53.
Nxg3+ Kf2 54. Ne4+ Kxg2 55. Kg5 Kxh3 56. Kf6 Bg8 57. Ke5 Kg4 58. Nf6+ Kf3 59.
Kd4 Bf7 60. Nd7 Ke2 61. Ne5 Kd2 62. Nxc4+ Kc2 63. b4 Kb3 1/2-1/2

[Event "SR 2. liga A 2010/2011"]
[Site "?"]
[Date "2011.03.05"]
[Round "44.3"]
[White "Gazi, Mikulas"]
[Black "Benovic, Marek"]
[Result "1-0"]
[WhiteElo "2138"]
[BlackElo "1988"]
[PlyCount "47"]
[EventDate "2010.??.??"]
[WhiteTeam "Slovakia"]
[BlackTeam "Slovakia"]
[WhiteTeamCountry "SVK"]
[BlackTeamCountry "SVK"]

1. e4 c6 2. d4 d5 3. exd5 cxd5 4. c4 Nf6 5. Nc3 e6 6. Nf3 Be7 7. Be2 O-O 8. O-O
Nc6 9. Ne5 Nxe5 10. dxe5 Nd7 11. cxd5 Nxe5 12. Qb3 exd5 13. Nxd5 Be6 14. Rd1
Bc5 15. Bf4 Nc6 16. Qb5 Nd4 17. Qxc5 Nxe2+ 18. Kh1 Qh4 19. Be3 Kh8 20. Qb5 Qh5
21. Rd2 Rfd8 22. Rad1 Nf4 23. Bxf4 Bxd5 24. f3 1-0

[Event "SR 2. liga A 2010/2011"]
[Site "?"]
[Date "2011.03.05"]
[Round "44.4"]
[White "Stepanovic, Branislav"]
[Black "Hartl, Jan"]
[Result "0-1"]
[WhiteElo "2011"]
[BlackElo "2118"]
[PlyCount "76"]
[EventDate "2010.??.??"]
[WhiteTeam "Slovakia"]
[BlackTeam "Slovakia"]
[WhiteTeamCountry "SVK"]
[BlackTeamCountry "SVK"]

1. e4 e5 2. Nf3 Nc6 3. Bb5 a6 4. Ba4 Nf6 5. O-O Be7 6. Re1 b5 7. Bb3 O-O 8. h3
d6 9. c3 Na5 10. Bc2 c5 11. d4 Nd7 12. b4 cxb4 13. dxe5 dxe5 14. cxb4 Bxb4 15.
Re3 Qe7 16. Rd3 Nb6 17. a3 Bc5 18. Nc3 Bb7 19. Bg5 f6 20. Be3 Bxe3 21. Rxe3
Nac4 22. Bb3 Kh8 23. Rd3 Nb2 24. Qe2 Nxd3 25. Qxd3 Rfd8 26. Qe2 Rac8 27. Nh4
Rxc3 28. Qh5 Bxe4 29. Bf7 Qc5 30. Ng6+ Bxg6 31. Bxg6 h6 32. Bf5 Nd7 33. Bxd7
Rc1+ 34. Rxc1 Qxc1+ 35. Kh2 Qf4+ 36. Kg1 Qg5 37. Qf7 Qc1+ 38. Kh2 Qc7 0-1

[Event "SR 2. liga A 2010/2011"]
[Site "?"]
[Date "2011.03.05"]
[Round "44.5"]
[White "Kimerling, Martin"]
[Black "Manak, Jozef"]
[Result "1/2-1/2"]
[WhiteElo "1920"]
[BlackElo "2032"]
[PlyCount "70"]
[EventDate "2010.??.??"]
[WhiteTeam "Slovakia"]
[BlackTeam "Slovakia"]
[WhiteTeamCountry "SVK"]
[BlackTeamCountry "SVK"]

1. d4 d5 2. c4 e6 3. Nf3 Nf6 4. g3 dxc4 5. Bg2 Be7 6. O-O O-O 7. Nbd2 c6 8.
Nxc4 b5 9. Nce5 Bb7 10. Qc2 Nfd7 11. Bf4 Nb6 12. e4 a5 13. Rac1 a4 14. Rfd1 f6
15. Nd3 Qe8 16. Nc5 Bxc5 17. Qxc5 N8d7 18. Qb4 Qf7 19. Bd6 Rfd8 20. Ne1 Nf8 21.
Nd3 Rac8 22. b3 Ra8 23. Bh3 Nbd7 24. d5 exd5 25. exd5 c5 26. Nxc5 Nxc5 27. Bxc5
Bxd5 28. Bb6 Re8 29. Rc7 Qh5 30. Bg4 Qe5 31. Qxb5 Qe1+ 32. Rxe1 Rxe1+ 33. Qf1
Rxf1+ 34. Kxf1 axb3 35. axb3 Bxb3 1/2-1/2

[Event "SR 2. liga A 2010/2011"]
[Site "?"]
[Date "2011.03.05"]
[Round "44.6"]
[White "Manak, Adrian"]
[Black "Srna, Jan"]
[Result "1/2-1/2"]
[WhiteElo "1909"]
[BlackElo "2047"]
[PlyCount "64"]
[EventDate "2010.??.??"]
[WhiteTeam "Slovakia"]
[BlackTeam "Slovakia"]
[WhiteTeamCountry "SVK"]
[BlackTeamCountry "SVK"]

1. e4 e6 2. d4 d5 3. Nd2 a6 4. e5 c5 5. c3 Nc6 6. Ndf3 Qb6 7. Ne2 cxd4 8. cxd4
Nge7 9. a3 Nf5 10. g4 Nfe7 11. Bg2 h5 12. g5 Nf5 13. O-O g6 14. Bh3 Na5 15.
Bxf5 exf5 16. Nc3 Be6 17. b4 Nc6 18. Qd3 Be7 19. h4 O-O 20. Be3 Qd8 21. Rab1 b5
22. Rb3 Qd7 23. Rc1 Na7 24. Ne2 Rac8 25. Rbc3 Rxc3 26. Qxc3 Rc8 27. Qb2 Rxc1+
28. Qxc1 Nc8 29. Nd2 Nb6 30. Nb3 Nc4 31. Nf4 Qb7 32. Nd3 Qc8 1/2-1/2

[Event "SR 2. liga A 2010/2011"]
[Site "?"]
[Date "2011.03.05"]
[Round "44.7"]
[White "Pekar, Jozef"]
[Black "Nemsak, Denis"]
[Result "1/2-1/2"]
[WhiteElo "1962"]
[BlackElo "1791"]
[PlyCount "119"]
[EventDate "2010.??.??"]
[WhiteTeam "Slovakia"]
[BlackTeam "Slovakia"]
[WhiteTeamCountry "SVK"]
[BlackTeamCountry "SVK"]

1. e4 d5 2. exd5 Nf6 3. d4 Nxd5 4. c4 Nb6 5. Nc3 g6 6. Be3 Bg7 7. Be2 O-O 8. c5
Nd5 9. Nxd5 Qxd5 10. Bf3 Qd8 11. Ne2 Nc6 12. O-O Re8 13. Qd2 e5 14. Bxc6 bxc6
15. Rfd1 Ba6 16. Nc3 Qh4 17. d5 cxd5 18. Bg5 Qg4 19. Nxd5 Bb7 20. h3 Qe4 21. f3
Qxd5 22. Qxd5 Bxd5 23. Rxd5 Rab8 24. b3 e4 25. Rad1 exf3 26. gxf3 Bf8 27. Bf4
Rb5 28. Rd8 Bxc5+ 29. Kg2 Rxd8 30. Rxd8+ Kg7 31. Bxc7 Be3 32. Bg3 Rg5 33. h4
Rc5 34. a4 a5 35. Bd6 Rc2+ 36. Kh3 Kf6 37. Re8 Bd2 38. Re2 Kf5 39. Bc7 Rxc7 40.
Rxd2 Ke5 41. Kg3 Rb7 42. Rd3 h5 43. Kf2 Rb4 44. Kg3 f6 45. Rd8 Rxb3 46. Ra8 Rb4
47. Rxa5+ Ke6 48. Ra8 g5 49. Ra6+ Kf5 50. Ra5+ Kg6 51. hxg5 fxg5 52. Ra6+ Kf7
53. a5 Ra4 54. Ra7+ Ke6 55. a6 Kf6 56. Ra8 Kf7 57. a7 Kg7 58. Kh3 Ra3 59. Kg2
Ra2+ 60. Kg3 1/2-1/2

[Event "SR 2. liga A 2010/2011"]
[Site "?"]
[Date "2011.03.05"]
[Round "44.8"]
[White "Mihalik, Anton"]
[Black "Hulla, Stanislav"]
[Result "1-0"]
[WhiteElo "1919"]
[BlackElo "1981"]
[PlyCount "61"]
[EventDate "2010.??.??"]
[WhiteTeam "Slovakia"]
[BlackTeam "Slovakia"]
[WhiteTeamCountry "SVK"]
[BlackTeamCountry "SVK"]

1. c4 Nf6 2. Nc3 g6 3. e4 d6 4. d4 Bg7 5. h3 O-O 6. Nf3 e5 7. Be3 Nc6 8. d5 Ne7
9. Bd3 Nd7 10. Nd2 f5 11. f3 Nf6 12. O-O f4 13. Bf2 g5 14. c5 h5 15. Be2 Rf7
16. cxd6 cxd6 17. Rc1 Ne8 18. Qb3 Bf6 19. Nc4 Ng6 20. Qa3 Rh7 21. Nb5 Be7 22.
Nb6 Bxh3 23. Nxa8 Bxg2 24. Kxg2 g4 25. fxg4 hxg4 26. Bxg4 Bh4 27. Rh1 Qg5 28.
Qf3 Rg7 29. Rcg1 Nf6 30. Kf1 Bxf2 31. Be6+ 1-0

[Event "SR 2. liga A 2010/2011"]
[Site "?"]
[Date "2011.03.05"]
[Round "45.1"]
[White "Petrik, Stanislav"]
[Black "Petreje, Juraj"]
[Result "1-0"]
[WhiteElo "2187"]
[BlackElo "2228"]
[PlyCount "35"]
[EventDate "2010.??.??"]
[WhiteTeam "Slovakia"]
[BlackTeam "Slovakia"]
[WhiteTeamCountry "SVK"]
[BlackTeamCountry "SVK"]

1. e4 d5 2. exd5 Qxd5 3. d4 Qa5+ 4. Nc3 Nf6 5. Bc4 c6 6. Bd2 Qb6 7. Nf3 Bf5 8.
Bb3 e6 9. h3 Nbd7 10. Qe2 Be7 11. O-O-O O-O-O 12. g4 Bg6 13. Bf4 Rhe8 14. Bg3
Nd5 15. Ne4 N7f6 16. Ned2 Nb4 17. Nc4 Qa6 18. Qe5 1-0

[Event "SR 2. liga A 2010/2011"]
[Site "?"]
[Date "2011.03.05"]
[Round "45.2"]
[White "Bronis, Marian"]
[Black "Petrik, Karol"]
[Result "0-1"]
[WhiteElo "2136"]
[BlackElo "2075"]
[PlyCount "68"]
[EventDate "2010.??.??"]
[WhiteTeam "Slovakia"]
[BlackTeam "Slovakia"]
[WhiteTeamCountry "SVK"]
[BlackTeamCountry "SVK"]

1. d4 Nf6 2. c4 c5 3. d5 b5 4. cxb5 a6 5. b6 Qxb6 6. Nc3 g6 7. a4 d6 8. a5 Qc7
9. e4 Bg7 10. Nf3 O-O 11. Be2 e6 12. O-O exd5 13. exd5 Nbd7 14. Bg5 Rb8 15. Qd2
Rb4 16. Rfb1 Re8 17. Ra3 Ng4 18. Na2 Rb8 19. h3 Nge5 20. Nh2 Nf6 21. Nc3 Rb4
22. f4 Rd4 23. Qc1 Nc4 24. Bxc4 Rxc4 25. Qf1 Rb4 26. g4 Bb7 27. f5 Nxd5 28. f6
Bf8 29. Nxd5 Bxd5 30. Qxa6 Bc4 31. Re3 Reb8 32. Re7 Bxe7 33. fxe7 Bxa6 34. Bf6
Qc6 0-1

[Event "SR 2. liga A 2010/2011"]
[Site "?"]
[Date "2011.03.05"]
[Round "45.3"]
[White "Krajnak, Robert"]
[Black "Biro, Karol"]
[Result "1-0"]
[WhiteElo "2083"]
[BlackElo "2132"]
[PlyCount "101"]
[EventDate "2010.??.??"]
[WhiteTeam "Slovakia"]
[BlackTeam "Slovakia"]
[WhiteTeamCountry "SVK"]
[BlackTeamCountry "SVK"]

1. c4 e5 2. Nc3 Nc6 3. g3 g6 4. Bg2 Bg7 5. e3 Nge7 6. Rb1 a5 7. a3 O-O 8. b4
axb4 9. axb4 d6 10. d3 Nb8 11. Bb2 c6 12. Ra1 Rxa1 13. Qxa1 Na6 14. Ba3 Bf5 15.
e4 Be6 16. Nge2 f5 17. O-O fxe4 18. Nxe4 Nf5 19. b5 cxb5 20. cxb5 Nc7 21. N2c3
Ne8 22. h4 Kh8 23. Ng5 Bg8 24. Bd5 h6 25. Nge4 Nc7 26. Bxg8 Rxg8 27. b6 Ne6 28.
Nd5 Ned4 29. Qd1 Ne7 30. Nxe7 Qxe7 31. Bxd6 Qe6 32. Bc5 Nc6 33. Qf3 Rd8 34. Ra1
Qd5 35. Ra3 Qe6 36. h5 gxh5 37. Qxh5 Bf8 38. Ng5 Qf6 39. Qf7 Qxg5 40. Bxf8 e4
41. dxe4 Ne5 42. Qe7 Nc4 43. Rf3 Qxe7 44. Bxe7 Rc8 45. Rf8+ Rxf8 46. Bxf8 Nxb6
47. Bxh6 Nc4 48. Kf1 Kh7 49. Bc1 Kg6 50. Ke2 b5 51. Kd3 1-0

[Event "SR 2. liga A 2010/2011"]
[Site "?"]
[Date "2011.03.05"]
[Round "45.4"]
[White "Mandak, Miroslav"]
[Black "Magyar, Frantisek"]
[Result "1/2-1/2"]
[WhiteElo "2069"]
[BlackElo "2079"]
[PlyCount "129"]
[EventDate "2010.??.??"]
[WhiteTeam "Slovakia"]
[BlackTeam "Slovakia"]
[WhiteTeamCountry "SVK"]
[BlackTeamCountry "SVK"]

1. Nf3 Nf6 2. g3 g6 3. Bg2 Bg7 4. O-O O-O 5. d3 d6 6. c4 Nbd7 7. Nc3 a6 8. Bd2
Rb8 9. a4 e5 10. b4 c5 11. Rb1 Re8 12. Ng5 cxb4 13. Rxb4 Nc5 14. Nd5 h6 15.
Nxf6+ Bxf6 16. Ne4 Bg7 17. Nc3 Bd7 18. Qc2 Qc8 19. a5 Bh3 20. Rfb1 Bxg2 21.
Kxg2 Qc6+ 22. Nd5 e4 23. Bc3 exd3 24. exd3 Nd7 25. Bxg7 Kxg7 26. Qb2+ Kg8 27.
Kg1 Qc5 28. Qa1 Re2 29. d4 Qc6 30. Re1 Rbe8 31. Rxe2 Rxe2 32. Qf1 Re6 33. Qh3
Re1+ 34. Kg2 Kg7 35. Qg4 Nf6 36. Qf3 Nxd5 37. cxd5 Qd7 38. Qd3 Ra1 39. Qb3 Qe7
40. Qe3 Qc7 41. Qb3 Qc1 42. Rxb7 Qf1+ 43. Kf3 Rd1 44. Qb2 Re1 45. Qd2 Rd1 46.
Qf4 Qh1+ 47. Ke2 Qf1+ 48. Kf3 Rd3+ 49. Kg4 Qe2+ 50. f3 Qe8 51. Qxd6 Rxd4+ 52.
Kh3 Rd3 53. Rb8 Rxd5 54. Qxd5 Qxb8 55. Qd4+ Kg8 56. Qc4 Qb7 57. Kg2 h5 58. h4
Qb2+ 59. Kh3 Qf6 60. Kg2 Kg7 61. Qc7 Qb2+ 62. Kg1 Qe2 63. Qc3+ Kg8 64. Qf6 Qc4
65. Kf2 1/2-1/2

[Event "SR 2. liga A 2010/2011"]
[Site "?"]
[Date "2011.03.05"]
[Round "45.5"]
[White "Farkas, Vladimir"]
[Black "Kebis, Milos"]
[Result "0-1"]
[WhiteElo "1946"]
[BlackElo "1994"]
[PlyCount "110"]
[EventDate "2010.??.??"]
[WhiteTeam "Slovakia"]
[BlackTeam "Slovakia"]
[WhiteTeamCountry "SVK"]
[BlackTeamCountry "SVK"]

1. e4 c5 2. Nf3 g6 3. d4 Bg7 4. c3 cxd4 5. cxd4 Nf6 6. Nc3 d6 7. Bb5+ Bd7 8.
Bxd7+ Qxd7 9. O-O O-O 10. h3 Nc6 11. Be3 Rfc8 12. Qe2 Na5 13. Nd2 Rc7 14. Qd3
Rac8 15. Nb5 Rc2 16. Nxa7 R8c7 17. Nb5 Rc8 18. Na7 R8c7 19. Nb5 Rc8 20. Rab1 b6
21. Nc3 Rxd2 22. Bxd2 Nc4 23. Rfd1 Qc7 24. a4 e6 25. f3 Nh5 26. Nb5 Qd7 27. b3
Nxd2 28. Qxd2 e5 29. d5 Nf4 30. Rdc1 h5 31. Rxc8+ Qxc8 32. Kh2 h4 33. Rc1 Qd8
34. Rc3 Bh6 35. Qf2 Nh5 36. Rc2 Bf4+ 37. Kg1 Qg5 38. Rc3 Bd2 39. Rd3 Bb4 40.
Qc2 Bc5+ 41. Kf1 Qg3 42. Rc3 Bb4 43. Rc8+ Kg7 44. Qf2 Qf4 45. Rc2 Qh2 46. Qxh4
Qh1+ 47. Ke2 Qxg2+ 48. Qf2 Qh1 49. Ke3 Qb1 50. Qe2 Qxb3+ 51. Qd3 Qxa4 52. Nc3
Qa1 53. Ne2 Qe1 54. Qc4 Bc5+ 55. Kd3 Nf4+ 0-1

[Event "SR 2. liga A 2010/2011"]
[Site "?"]
[Date "2011.03.05"]
[Round "45.6"]
[White "Povysil, Peter"]
[Black "Goga, Frantisek"]
[Result "1-0"]
[WhiteElo "2012"]
[BlackElo "1912"]
[PlyCount "63"]
[EventDate "2010.??.??"]
[WhiteTeam "Slovakia"]
[BlackTeam "Slovakia"]
[WhiteTeamCountry "SVK"]
[BlackTeamCountry "SVK"]

1. e4 c5 2. Nf3 d6 3. d4 cxd4 4. Nxd4 Nf6 5. Nc3 a6 6. f3 e5 7. Nb3 Be6 8. Be3
Be7 9. Qd2 b5 10. O-O-O Nbd7 11. Qf2 O-O 12. h4 Qc7 13. h5 b4 14. Nd5 Bxd5 15.
exd5 a5 16. Kb1 a4 17. Nc1 Qa5 18. Qd2 Nb6 19. Bxb6 Qxb6 20. Bd3 Ra5 21. Be4
Nxe4 22. fxe4 Rc8 23. h6 g6 24. Rdf1 Rc4 25. Qe2 Qd4 26. Qf3 f6 27. Qh3 f5 28.
exf5 a3 29. Nd3 g5 30. f6 g4 31. fxe7 Ra8 32. Qh5 1-0

[Event "SR 2. liga A 2010/2011"]
[Site "?"]
[Date "2011.03.05"]
[Round "45.7"]
[White "Raczko, Peter"]
[Black "Nepras, Martin"]
[Result "1-0"]
[WhiteElo "1917"]
[BlackElo "2008"]
[PlyCount "43"]
[EventDate "2010.??.??"]
[WhiteTeam "Slovakia"]
[BlackTeam "Slovakia"]
[WhiteTeamCountry "SVK"]
[BlackTeamCountry "SVK"]

1. e4 c6 2. d4 d5 3. exd5 cxd5 4. Bd3 Nc6 5. c3 Nf6 6. h3 e6 7. Bg5 Be7 8. Nd2
O-O 9. Ngf3 h6 10. Bh4 Ne8 11. Bxe7 Qxe7 12. O-O e5 13. dxe5 Nxe5 14. Nxe5 Qxe5
15. Re1 Qd6 16. Nf3 b6 17. Bc2 Bb7 18. Qd3 Nf6 19. Ne5 Rad8 20. Ng4 g6 21.
Nxh6+ Kh7 22. Nxf7 1-0

[Event "SR 2. liga A 2010/2011"]
[Site "?"]
[Date "2011.03.05"]
[Round "45.8"]
[White "Dolnak, Michal"]
[Black "Jelenciak, Jozef"]
[Result "1-0"]
[WhiteElo "1878"]
[BlackElo "1934"]
[PlyCount "39"]
[EventDate "2010.??.??"]
[WhiteTeam "Slovakia"]
[BlackTeam "Slovakia"]
[WhiteTeamCountry "SVK"]
[BlackTeamCountry "SVK"]

1. d4 f5 2. c4 Nf6 3. Nf3 e6 4. g3 Be7 5. Bg2 O-O 6. O-O d6 7. Nc3 Nc6 8. d5
Ne5 9. Nxe5 dxe5 10. Qb3 Kh8 11. Rd1 exd5 12. Nxd5 Bd6 13. Bg5 c6 14. Nxf6 gxf6
15. Bh6 Qc7 16. Bxf8 Bxf8 17. Qc2 Be6 18. Bh3 Qf7 19. Bxf5 Bxc4 20. Rd7 1-0

[Event "SR 2. liga A 2010/2011"]
[Site "?"]
[Date "2011.03.05"]
[Round "46.1"]
[White "Schwarz, Dusan"]
[Black "Machalova, Veronika"]
[Result "1-0"]
[WhiteElo "2294"]
[BlackElo "2229"]
[PlyCount "115"]
[EventDate "2010.??.??"]
[WhiteTeam "Slovakia"]
[BlackTeam "Slovakia"]
[WhiteTeamCountry "SVK"]
[BlackTeamCountry "SVK"]

1. d4 Nf6 2. c4 e6 3. Nc3 Bb4 4. a3 Bxc3+ 5. bxc3 d6 6. f3 Nfd7 7. e4 Nc6 8.
Bd3 b6 9. Be3 Ba6 10. Nh3 Na5 11. Qe2 O-O 12. O-O Qe7 13. f4 f5 14. e5 h6 15.
Kh1 Bb7 16. Ng1 Rac8 17. Nf3 Ba6 18. Nd2 c5 19. h3 Rc7 20. Rg1 Kh8 21. g4 dxe5
22. dxe5 g6 23. gxf5 Qh4 24. Qg4 Qxg4 25. Rxg4 gxf5 26. Rg6 Re8 27. Rxh6+ Kg7
28. Rh5 Nf8 29. Rg1+ Kf7 30. Rhg5 Ke7 31. Kh2 Kd8 32. Be2 Rh7 33. Rg8 Nc6 34.
Nf3 Ne7 35. R8g7 Rxg7 36. Rxg7 Nd7 37. Ng5 Nc6 38. Nf7+ Kc7 39. Nd6 Re7 40. Rg8
Rh7 41. Nb5+ Bxb5 42. cxb5 Ne7 43. Re8 Nd5 44. Bd2 Re7 45. Rg8 Rh7 46. c4 Ne7
47. Re8 Nb8 48. a4 Nd7 49. Bf3 Nb8 50. a5 Rg7 51. a6 Rh7 52. Be3 Rg7 53. h4 Rh7
54. Kg3 Rg7+ 55. Kf2 Rh7 56. h5 Rf7 57. Ke2 Rh7 58. Bf2 1-0

[Event "SR 2. liga A 2010/2011"]
[Site "?"]
[Date "2011.03.05"]
[Round "46.2"]
[White "Federic, Jozef"]
[Black "Janos, Martin"]
[Result "0-1"]
[WhiteElo "2283"]
[BlackElo "2250"]
[PlyCount "120"]
[EventDate "2010.??.??"]
[WhiteTeam "Slovakia"]
[BlackTeam "Slovakia"]
[WhiteTeamCountry "SVK"]
[BlackTeamCountry "SVK"]

1. d4 d6 2. g3 Nd7 3. e4 c6 4. Bg2 Nb6 5. Ne2 Nf6 6. Nbc3 g6 7. O-O Bg7 8. h3
O-O 9. a4 Rb8 10. a5 Na8 11. Kh2 Nc7 12. Be3 Nd7 13. Qd2 b5 14. axb6 axb6 15.
Bh6 b5 16. Bxg7 Kxg7 17. Nd1 Nb6 18. Nf4 Bb7 19. Ne3 e5 20. dxe5 dxe5 21. Nd3
Ne6 22. Rfd1 f6 23. Qb4 Qc7 24. Nc5 Nxc5 25. Qxc5 Rf7 26. Rd2 Na4 27. Qb4 c5
28. Qxb5 Bc6 29. Qe2 Rxb2 30. Nc4 Rb4 31. Nd6 Re7 32. c4 Re6 33. Rad1 Nc3 34.
Qg4 Rxd6 35. Rxd6 Nxd1 36. Rxd1 Rxc4 37. Qe6 Rd4 38. Rxd4 cxd4 39. Qc4 Qd7 40.
Bf3 Bb5 41. Qb4 Qb7 42. h4 Bc6 43. Qe1 Qb2 44. Kg2 Qc3 45. Qe2 f5 46. Kh2 d3
47. Qe3 Qd4 48. Qd2 Bxe4 49. Bxe4 Qxe4 50. Qa5 Qd4 51. Qc7+ Kh6 52. Qe7 Qxf2+
53. Kh3 Qe3 54. Qf8+ Kh5 55. Qf7 h6 56. Qb3 Qf3 57. Kh2 Kg4 58. Qb4+ e4 59. Qd4
Qxg3+ 60. Kh1 Kh3 0-1

[Event "SR 2. liga A 2010/2011"]
[Site "?"]
[Date "2011.03.05"]
[Round "46.3"]
[White "Janos, Jozef"]
[Black "Skara, Vladimir"]
[Result "0-1"]
[WhiteElo "2196"]
[BlackElo "2161"]
[PlyCount "72"]
[EventDate "2010.??.??"]
[WhiteTeam "Slovakia"]
[BlackTeam "Slovakia"]
[WhiteTeamCountry "SVK"]
[BlackTeamCountry "SVK"]

1. d4 c5 2. d5 e6 3. c4 exd5 4. cxd5 d6 5. Nc3 Nf6 6. e4 g6 7. Nf3 Bg7 8. Bb5+
Bd7 9. Bxd7+ Qxd7 10. O-O O-O 11. a4 Na6 12. h3 Nb4 13. Bf4 a6 14. Re1 b5 15.
Bxd6 Qxd6 16. e5 Qb6 17. a5 Qa7 18. exf6 Bxf6 19. Ne5 Rad8 20. Qf3 Bg7 21. Nc6
Nxc6 22. dxc6 Bxc3 23. bxc3 Qc7 24. Rad1 Rc8 25. Qf6 Qxa5 26. Re7 Qb6 27. Rd6
b4 28. c7 Qa5 29. Rxa6 Qb5 30. Rb6 Qc4 31. cxb4 cxb4 32. Qd6 b3 33. Qb4 Qc1+
34. Re1 b2 35. Kf1 Rfe8 36. Rb8 b1=Q 0-1

[Event "SR 2. liga A 2010/2011"]
[Site "?"]
[Date "2011.03.05"]
[Round "46.4"]
[White "Mydlarik, Martin"]
[Black "Novak, Ivan"]
[Result "1-0"]
[WhiteElo "2136"]
[BlackElo "2233"]
[PlyCount "89"]
[EventDate "2010.??.??"]
[WhiteTeam "Slovakia"]
[BlackTeam "Slovakia"]
[WhiteTeamCountry "SVK"]
[BlackTeamCountry "SVK"]

1. e4 Nc6 2. Nf3 d6 3. d4 Nf6 4. Nbd2 e5 5. c3 Be7 6. h3 O-O 7. Bd3 Re8 8. O-O
Bf8 9. Re1 g6 10. dxe5 dxe5 11. Qc2 h6 12. Nf1 Nh5 13. Be3 Qf6 14. N3d2 Nd8 15.
Rad1 Ne6 16. Nh2 Nef4 17. Bf1 g5 18. Ng4 Qe7 19. b4 Bxg4 20. hxg4 Ng7 21. g3
Ng6 22. Bc4 a5 23. Qb3 Red8 24. bxa5 Rdb8 25. a6 bxa6 26. Qa4 a5 27. Nb3 Ne6
28. Rd7 Qe8 29. Qc6 Ne7 30. Qa4 Rb4 31. cxb4 axb4 32. Na5 Rxa5 33. Qxa5 Qxd7
34. Bxe6 Qxe6 35. Rc1 c6 36. Bc5 b3 37. axb3 Qxb3 38. Bxe7 Bxe7 39. Qxe5 Qb7
40. Rd1 c5 41. Qf5 Qb6 42. Rd7 Kf8 43. Qe5 Bf6 44. Qd5 Be7 45. Qa8+ 1-0

[Event "SR 2. liga A 2010/2011"]
[Site "?"]
[Date "2011.03.05"]
[Round "46.5"]
[White "Polacik, Igor"]
[Black "Mruskovic, Radoslav"]
[Result "1/2-1/2"]
[WhiteElo "2199"]
[BlackElo "1962"]
[PlyCount "65"]
[EventDate "2010.??.??"]
[WhiteTeam "Slovakia"]
[BlackTeam "Slovakia"]
[WhiteTeamCountry "SVK"]
[BlackTeamCountry "SVK"]

1. c4 c5 2. Nc3 Nc6 3. g3 g6 4. Bg2 Bg7 5. e3 e5 6. Nge2 Nge7 7. O-O O-O 8. a3
d6 9. Rb1 a5 10. d3 Be6 11. Nd5 Rb8 12. Nec3 Bxd5 13. Nxd5 Nxd5 14. cxd5 Na7
15. Bd2 b5 16. Qe1 b4 17. a4 Nc8 18. b3 f5 19. Qc1 Qe8 20. e4 Nb6 21. f3 Ra8
22. Ra1 f4 23. Ra2 g5 24. Bh3 Rf6 25. Be1 Ra7 26. Qd1 Kh8 27. Be6 Nd7 28. g4
Nf8 29. Bf5 Rh6 30. Qc2 Ng6 31. Qc4 Bf6 32. Be6 Bd8 33. Bf5 1/2-1/2

[Event "SR 2. liga A 2010/2011"]
[Site "?"]
[Date "2011.03.05"]
[Round "46.6"]
[White "Kundrak, Vladimir"]
[Black "Slovik, Vojtech"]
[Result "1/2-1/2"]
[WhiteElo "1961"]
[BlackElo "1854"]
[PlyCount "51"]
[EventDate "2010.??.??"]
[WhiteTeam "Slovakia"]
[BlackTeam "Slovakia"]
[WhiteTeamCountry "SVK"]
[BlackTeamCountry "SVK"]

1. e4 e6 2. d3 d5 3. Nd2 b6 4. g3 Bb7 5. Bg2 Nf6 6. e5 Nfd7 7. Ngf3 c5 8. O-O
Nc6 9. Re1 Qc7 10. Qe2 h6 11. h4 g6 12. Nf1 Be7 13. N1h2 O-O-O 14. a4 Rdg8 15.
Bd2 g5 16. hxg5 hxg5 17. Ng4 a5 18. c3 Ba6 19. Rad1 Kb8 20. Bc1 Rh5 21. b3 Rd8
22. Ba3 Bf8 23. Qb2 Rc8 24. Qd2 Be7 25. Rb1 Ka7 26. Rbc1 1/2-1/2